The Tretyakov gallery

Tallennettuna:
Bibliografiset tiedot
Aineistotyyppi: Kirja
Kieli:Undetermined
Julkaistu: Leningrad, USSR Aurora Art 1974
Aiheet:
Tagit: Lisää tagi
Ei tageja, Lisää ensimmäinen tagi!
Thư viện lưu trữ: Trung tâm Học liệu Trường Đại học Cần Thơ
LEADER 00398nam a2200157Ia 4500
001 CTU_26663
008 210402s9999 xx 000 0 und d
082 |a 759 
082 |b T799 
245 4 |a The Tretyakov gallery 
260 |a Leningrad, USSR 
260 |b Aurora Art 
260 |c 1974 
650 |a galleries 
904 |i Minh, 981016 
980 |a Trung tâm Học liệu Trường Đại học Cần Thơ